LEADER 01329nam a2200325 i 4500 001 991000893249707536 005 20020507175354.0 008 950314s1992 us ||| | eng 020 $a0201554062 035 $ab10772121-39ule_inst 035 $aLE01303940$9ExL 040 $aDip.to Matematica$beng 082 0 $a515.352 084 $aAMS 58F03 084 $aQA614.8.49 100 1 $aDevaney, Robert L.$d<1948- >$021043 245 12$aA first course in chaotic dynamical systems :$btheory and experiment /$cRobert L. Devaney 260 $aReading, Massachusetts :$bAddison-Wesley,$cc1992 300 $axi, 302 p. ;$c24 cm. 490 0 $aStudies in nonlinearity 500 $aIncludes bibliographical references and index 650 4$aChaotic behavior in systems 650 4$aDifferentiable dynamical systems 907 $a.b10772121$b23-02-17$c28-06-02 912 $a991000893249707536 945 $aLE026 515.352 DEV 01.01 1992$g1$i2026000032115$lle026$nProf. Cafagna / Biblioteca$op$pE69.95$q-$rl$s- $t4$u2$v1$w2$x0$y.i14759767$z21-05-08 945 $aLE013 58F DEV11 (1992)$g1$i2013000031125$lle013$o-$pE0.00$q-$rl$s- $t0$u6$v0$w6$x0$y.i10870593$z28-06-02 996 $aFirst course in chaotic dynamical systems$9331105 997 $aUNISALENTO 998 $a(2)le026$ale013$b01-01-95$cm$da $e-$feng$gus $h2$i3 LEADER 02413nam 2200637 a 450 001 9910691335603321 005 20020227092351.0 035 $a(CKB)5470000002346019 035 $a(OCoLC)48754812 035 9 $aocm48754812 035 $a(OCoLC)995470000002346019 035 $a(EXLCZ)995470000002346019 100 $a20011022d2001 ua 0 101 0 $aeng 135 $auran|||||| 181 $ctxt$2rdacontent 182 $cc$2rdamedia 183 $acr$2rdacarrier 200 10$aElections$b[electronic resource] $eperspectives on activities and challenges across the nation : report to congressional requesters /$fUnited States General Accounting Office 210 1$aWashington, D.C. :$cThe Office,$d[2001] 300 $a"GAO-02-3." 300 $a"October 2001." 300 $aPaper version available from the General Accounting Office. 300 $aTitle from title screen. 320 $aIncludes bibliographical references. 330 8 $a"Elections: Perspectives on Activities and Challenges Across the Nation" is an October 2001 report of the U.S. General Accounting Office. The report describes the operations associated with each stage of the U.S. presidential election process and includes information about voter registration, absentee and early voting, election day administration, vote counts, certification, and recounts. The U.S. General Accounting Office presents a downloadable version of the report online in PDF format. 517 $aElections 606 $aElections$zUnited States 606 $aElections$zUnited States$xCosts 606 $aPresidents$zUnited States$xElection$y2000 606 $aVoter registration$zUnited States$xStates 606 $aVoting$zUnited States 606 $aGovernment publications 606 $aPresidents$xElection 606 $aVoting 607 $aUnited States 610 $aElectronic publications 615 0$aElections 615 0$aElections$xCosts. 615 0$aPresidents$xElection 615 0$aVoter registration$xStates. 615 0$aVoting 615 4$aGovernment publications. 615 4$aPresidents$xElection. 615 4$aVoting. 676 $a011.53 676 $a025.174 676 $a323.5 676 $a324.7 801 0$bN@F 801 1$bN@F 801 2$bGPO 906 $aBOOK 912 $a9910691335603321 996 $aElections$92953379 997 $aUNINA